Enciclopedia giuridica italiana (Record no. 153637)
[ view plain ]
| 000 -LEADER | |
|---|---|
| campo de control de longitud fija | 01348nam a2200217 i 4500 |
| 001 - NÚMERO DE CONTROL | |
| campo de control | 153637 |
| 003 - IDENTIFICADOR DE NÚMERO DE CONTROL | |
| campo de control | ES-MaACL |
| 005 - FECHA Y HORA DE LA ÚLTIMA TRANSACCIÓN | |
| campo de control | 20250910213725.0 |
| 008 - DATOS DE LONGITUD FIJA--INFORMACIÓN GENERAL | |
| campo de control de longitud fija | 950315m1884 it |||| | ita d |
| 040 ## - FUENTE DE CATALOGACIÓN | |
| Centro catalogador/agencia de origen | EUS |
| Lengua de catalogación | spa |
| Centro/agencia transcriptor | EUS |
| 245 00 - MENCIÓN DEL TÍTULO | |
| Título | Enciclopedia giuridica italiana |
| Resto del título | : esposizione ordinata e completa dello stato e degli ultimi progressi della scienza, della legislazione e della giurisprudencia nel diritto civile, commerciale, penale, pubblico, giudiziario, costituzionale, amministrativo, internazionale, ecclesiastico, economico... / |
| Mención de responsabilidad, etc. | per opera di una Società di giureconsulti italiani ; sotto la direzione di Pasquale Stanislao Mancini ; vice direttore Enrico Pessina. |
| 260 ## - PUBLICACIÓN, DISTRIBUCIÓN, ETC. | |
| Lugar de publicación, distribución, etc. | Napoli [etc.] : |
| Nombre del editor, distribuidor, etc. | Dottor Leonardo Vallardi, Editore, |
| Fecha de publicación, distribución, etc. | 1884- ( |
| Fabricante | R. Tipi de Angelis) |
| 300 ## - DESCRIPCIÓN FÍSICA | |
| Extensión | v. ; |
| Dimensiones | 29 cm. |
| 596 ## - NOTA AL PIE DE IMPRENTA | |
| NOTA AL PIE DE IMPRENTA | Desde volume I-parte V el editor es Società Editrice Libraria. |
| 597 ## - NOTA DE DESCRIPCIÓN FÍSICA | |
| NOTA DE DESCRIPCIÓN FÍSICA | Texto a dos col. |
| 650 #7 - PUNTO DE ACCESO ADICIONAL DE MATERIA--TÉRMINO DE MATERIA | |
| Término de materia o nombre geográfico como elemento de entrada | Derecho- |
| Subdivisión geográfica | Italia |
| Fuente del encabezamiento o término | |
| 9 (RLIN) | 155182 |
| 700 1# - ENTRADA AGREGADA--NOMBRE PERSONAL | |
| Nombre de persona | Mancini, Pasquale Stanislao. |
| 9 (RLIN) | 75932 |
| 700 1# - ENTRADA AGREGADA--NOMBRE PERSONAL | |
| Nombre de persona | Pessina, Enrico, |
| Fechas asociadas al nombre | 1828-1916 |
| 9 (RLIN) | 91450 |
| 852 ## - LOCALIZACIÓN | |
| Ubicación | ES-MaACL |
| Número de control de estantería | C-9887-9926 |
| Nota libre | -- Enc. pasta española y rust. |
| condición física | -- Contiene 40 v. (faltan del t.II la parte II, del t.IV las partes II-III, del t.VII la parte II, del t.IX la parte I, del t.XI la parte II, y del t.XIII las partes I-III) |
| Estatus retirado | Estado de pérdida | Estado de daño | No para préstamo | Colección | Biblioteca de origen | Biblioteca actual | Ubicación en estantería | Fecha de adquisición | Fuente de adquisición | Total de préstamos | Signatura topográfica completa | Código de barras | Visto por última vez | Precio de reemplazo | Tipo de ítem Koha |
|---|---|---|---|---|---|---|---|---|---|---|---|---|---|---|---|
| Colección de referencia | Biblioteca del Ateneo de Madrid | Biblioteca del Ateneo de Madrid | Sala Palomar | 17/01/2008 | C-9887-9926 | 1160611 | 23/02/2023 | 23/02/2023 | Libro impreso antiguo |
